Indian culture, art and heritage: (Record no. 181802)

MARC details
000 -LEADER
fixed length control field 00638nam a22001697a 4500
005 - DATE AND TIME OF LATEST TRANSACTION
control field 20220926165639.0
010 ## - LCCN (DPL NO)
LC control number B-745697
020 ## - INTERNATIONAL STANDARD BOOK NUMBER
International Standard Book Number 9789390531615
Terms of availability 695.00
037 ## - SOURCE OF ACQUISITION
Source of stock number/acquisition Pearson
100 ## - MAIN ENTRY--PERSONAL NAME
Personal name Pattanaik, Devdutt
245 ## - TITLE STATEMENT
Title Indian culture, art and heritage:
Remainder of title for civil services examination /
Statement of responsibility, etc by Devdutt Pattanaik
260 ## - PUBLICATION, DISTRIBUTION, ETC. (IMPRINT)
Place of publication, distribution, etc Noida, U.P.
Name of publisher, distributor, etc Pearson
Date of publication, distribution, etc 2021
270 ## - ADDRESS
Address 15th Floor, Tower-B, World Trade Tower, Plot No. 1, Block-C, Sector-16
City Noida, U.P.
Postal code 201301
300 ## - PHYSICAL DESCRIPTION
Extent xi, 480p.
Other physical details ill.
Dimensions 25cm(pbk)
942 ## - ADDED ENTRY ELEMENTS (KOHA)
Source of classification or shelving scheme Dewey Decimal Classification
Item type English Books
Call number suffix PAT
Classification part 709.54
Holdings
Withdrawn status Lost status Not for loan Collection code Home library Current library Date acquired Source of acquisition Cost, normal purchase price Full call number Barcode Copy number Cost, replacement price Koha item type Public note
      Non-fiction Ashok Vihar Ashok Vihar 26/09/2022 22.9.22/Gift 695.00 709.54 PAT B-745697 1 695.00 English Books Gift

© Delhi Public Library
Hit Counter
free hit counter